Drama and commitment; politics in the American theatre of the thirties.

Saved in:
Bibliographic Details
Main Author: Rabkin, Gerald
Format: Book
Language:English
Published: New York, Haskell House Publishers, 1973 [c1964]
Subjects:
LEADER 01148nam a2200301 4500
001 c000322575
003 CARM
005 00000000000000.0
008 720803c19731964nyu b 00100 eng
010 |a 72006866 //r983 
019 1 |a 573971  |5 LACONCORD2021 
020 |a 083831659X 
035 |a (OCoLC)393332  |5 LACONCORD2021 
043 |a n-us--- 
050 1 0 |a PS338.P6  |b R3 1972 
082 0 0 |a 812/.5/2093 
100 1 |a Rabkin, Gerald. 
245 1 0 |a Drama and commitment;  |b politics in the American theatre of the thirties. 
260 |a New York,  |b Haskell House Publishers,  |c 1973 [c1964] 
300 |a 322 p.  |c 23 cm. 
504 |a Bibliography: p. 297-300. 
650 0 |a American drama  |y 20th century  |x History and criticism. 
650 0 |a Politics and literature  |z United States  |x History  |y 20th century. 
650 0 |a Political plays, American  |x History and criticism. 
650 0 |a Politics in literature. 
852 8 |b CARM  |h A1:AL12B0  |i B09962  |p 0446316  |f BK 
999 f f |i bdcacae3-c987-52e4-aa77-f86fbb54e794  |s b4558d6f-7626-5bc1-ac71-7cf56056891d 
952 f f |p Can circulate  |a CAVAL  |b CAVAL  |c CAVAL  |d CARM 1 Store  |e B09962  |f A1:AL12B0  |h Other scheme  |i book  |m 0446316